| 000 | 00556nam a2200181Ia 4500 | ||
|---|---|---|---|
| 999 |
_c22367 _d22367 |
||
| 003 | OSt | ||
| 005 | 20200518102454.0 | ||
| 008 | 190216s9999||||xx |||||||||||||| ||und|| | ||
| 020 | _a8185418551 | ||
| 040 | _coclc | ||
| 082 |
_a954.560242 _bBEV/T |
||
| 100 |
_aBeveridge, H _92390 |
||
| 245 | 4 |
_aThe Tarikh-1-Mubarakshahi / _cH Beveridge |
|
| 260 |
_bLow Price Publications, _c1990. _aDelhi: |
||
| 300 | _a290p | ||
| 650 | 0 |
_aHistory & geography _92271 _vIslamic History |
|
| 942 |
_cBK _2ddc _h954.560242 _iBEV/T _k954.560242 _mBEV/T |
||